Rzeczy, Przedmioty Na Literę W - Statystyki

Ogólne statystyki
  • Ten quiz został rozwiązany 880 razy
  • Średni wynik to 8 z 40
Statystyki odpowiedzi
Odpowiedzi % Poprawnych
Worek
57%
Wiadro
53%
Woda
52%
Wino
45%
Wóz
44%
Wanna
43%
Walizka
39%
Wazon
37%
Wózek
34%
Wiatrak
31%
Waga
30%
Wiertarka
30%
Włos
29%
Wrotki
29%
Wałek
28%
Wata
24%
Winda
22%
Wagon
17%
Wełna
16%
Winogrono
15%
Welon
13%
Warkocz
12%
Wersalka
12%
Wkręt
12%
Wazelina
11%
Wachlarz
10%
Węgiel
10%
Wycieraczka
10%
Włóczka
9%
Wentylator
8%
Wiosła
8%
Warga
7%
Warzywa
7%
Witryna
6%
Wiórki
5%
Witraż
5%
Wafle
3%
Wiolączela
3%
Wytrych
3%
Wsładka
1%
Nie znaleziono quizów pasujących do podanych kryteriów
Rozkład punktacji
Procent ludzi z każdym wynikiem
Percentyl według liczby udzielonych odpowiedzi
Twoja historia wyników
Nie rozwiązałeś tego quizu